000 00916nmm a2200265 a 4500
001 ocm000701047
003 TR-IsHL
005 20201028131504.0
008 131028s1971 tu tur
007 cr cn
035 _a701047
_b(N$T)
050 0 4 _aHC492
_b.U25 1971
090 0 4 _aHC492
_b.U25 1971
100 1 _aUçkun, İlhan
245 1 0 _aAz gelişmiş memleketler probleminin bazı veçheleri ve Türkiye
_h[electronic resource] /
_cİlhan Uçkun
250 _a1. bs.
260 _aİstanbul :
_bİstanbul Ticaret Odası,
_c1971
300 _a51 p.
650 4 _aEkonomi ve Finans
650 4 _aEconomics and Finance
650 0 _aTürkiye
_x Ekonomik durum, 1918-1960
650 0 _aTurkey
_x Economic conditions, 1918-1960
650 7 _aBUSINESS & ECONOMICS / Economic Conditions
_2bisacsh
856 4 0 _uhttp://search.ebscohost.com/login.aspx?direct=true&scope=site&db=e011xww&AN=701047
999 _c4590
_d4590